=LDR 00000nam 2200000 4500 =001 INLIS000000000039338 =005 20140614132553.0 =006 =007 =008 Ind =035 ##$$0010-061300000039338 =041 ##$$a Ind =082 ##$$a 650 =090 ##$$a 650, Mur m.3 =100 ##$$a Murpi, Solehudin, S.T =245 ##$$a Manajemen Bisnis untuk orang awam, Solehudin Murpi; Dea Tantyo Iskandar; Editor, Hosein M. Nugraha =260 ##$$a 2011 $b Bekasi =300 ##$$a iv, 165 hlm, ilus, 22 cm =700 ##$$a Iskandar, Dea Tantyo =850 ##$$a NBPNMAT =990 ##$$a 0001/BPAP-NTB/20142015